000 00278nam a2200145Ia 4500
100 _aGladkov/ K
650 _aChemistry
942 _cBK
654 _aAtom
245 _aAtom From A To Z
260 _bMir Publishers
082 _a539
300 _a262
546 _aENGLISH
999 _c29171
_d29171